[Event "2 Bundesliga Mitte 2006/2007"]
[Site "Wolfsberg"]
[Date "2006.11.26"]
[Round "4"]
[Board "1"]
[White "Buhmann, Rainer"]
[Black "Sandhoefner, Florian"]
[Result "1-0"]
[WhiteElo "2532"]
[BlackElo "2271"]
[PlyCount "51"]
[EventDate "2006.10.28"]
[EventType "team"]
[EventRounds "11"]
[EventCountry "AUT"]
[WhiteTeam "Maria Saal"]
[BlackTeam "ASK St Valentin"]

1.Nf3 Nf6 2.c4 c6 3.Nc3 d5 4.d4 dxc4 5.e4 b5 6.e5 Nd5 7.a4 e6 8.Ng5 Be7 9.h4 h6
10.Nge4 Qb6 11.Rh3 Nd7 12.h5 a6 13.Rg3 Bf8 14.Nd6+ Bxd6 15.exd6 Rh7 16.axb5 Nxc3
17.bxc3 cxb5 18.Bf4 Bb7 19.Qc2 Nf8 20.Be2 Rc8 21.Bd1 f5 22.Re3 Be4 23.Rxe4 fxe4
24.Qxe4 b4 25.d5 Qb7 26.d7+

[Event "2 Bundesliga Mitte 2006/2007"]
[Site "Wolfsberg"]
[Date "2006.11.26"]
[Round "4"]
[Board "3"]
[White "Reschun, Sascha"]
[Black "Heimberger, Reinhard"]
[Result "1-0"]
[WhiteElo "2234"]
[BlackElo "2294"]
[PlyCount "59"]
[EventDate "2006.10.28"]
[EventType "team"]
[EventRounds "11"]
[EventCountry "AUT"]
[WhiteTeam "Maria Saal"]
[BlackTeam "ASK St Valentin"]

1.e4 c5 2.Nf3 e6 3.d4 cxd4 4.Nxd4 Nf6 5.Nc3 d6 6.g4 h6 7.h4 a6 8.Rg1 Nfd7 9.g5
hxg5 10.hxg5 g6 11.Be3 b5 12.a3 Bb7 13.Qg4 Nc6 14.O-O-O Nde5 15.Qg3 Na5 16.Ndxb5
axb5 17.Bd4 f6 18.f4 Nd7 19.gxf6 Rh6 20.Qg4 Kf7 21.Bh3 Nxf6 22.Qxe6+ Kg7 23.e5
Nh5 24.exd6+ Nf6 25.Bf5 Nc6 26.Rxg6+ Rxg6 27.Bxg6 Nxd4 28.Qf7+ Kh6 29.Bd3 Ne2+
30.Nxe2

[Event "2 Bundesliga Mitte 2006/2007"]
[Site "Wolfsberg"]
[Date "2006.11.26"]
[Round "4"]
[Board "4"]
[White "Kranzl, Peter"]
[Black "Ertl, Johann"]
[Result "1/2-1/2"]
[WhiteElo "2258"]
[BlackElo "2217"]
[PlyCount "88"]
[EventDate "2006.10.28"]
[EventType "team"]
[EventRounds "11"]
[EventCountry "AUT"]
[WhiteTeam "ASK St Valentin"]
[BlackTeam "Maria Saal"]

1.e4 e6 2.d4 d5 3.Nd2 Nf6 4.e5 Nfd7 5.f4 c5 6.c3 Nc6 7.Ndf3 Qb6 8.g3 cxd4 9.cxd4
Bb4+ 10.Kf2 f6 11.Kg2 O-O 12.h4 a5 13.Ne2 a4 14.a3 Be7 15.h5 Qa7 16.h6 g6 17.Nc3
Nb6 18.Nb5 Qb8 19.exf6 Bxf6 20.Ne5 Nxe5 21.fxe5 Be7 22.Qg4 Bd7 23.Bd3 Kh8 24.Bg5
Qd8 25.Bxe7 Qxe7 26.Nd6 Nc8 27.Nxc8 Raxc8 28.Rac1 Rxc1 29.Rxc1 Bc6 30.Rf1 Rxf1
31.Bxf1 Kg8 32.Bd3 Be8 33.Qf4 g5 34.Qc1 Bg6 35.Bxg6 hxg6 36.Qc2 Kh7 37.Qxa4 Qc7
38.Qb3 Qc1 39.Qxb7+ Kxh6 40.Qb4 Qc2+ 41.Kf1 Qd3+ 42.Kf2 Qf5+ 43.Kg1 Qb1+ 44.Kf2
Qf5+

[Event "2 Bundesliga Mitte 2006/2007"]
[Site "Wolfsberg"]
[Date "2006.11.26"]
[Round "4"]
[Board "6"]
[White "Petroczi, Thomas"]
[Black "Steiner, Josef"]
[Result "1-0"]
[WhiteElo "2158"]
[BlackElo "2120"]
[PlyCount "89"]
[EventDate "2006.10.28"]
[EventType "team"]
[EventRounds "11"]
[EventCountry "AUT"]
[WhiteTeam "ASK St Valentin"]
[BlackTeam "Maria Saal"]

1.c4 Nf6 2.Nc3 e6 3.b3 d5 4.e3 b6 5.Nf3 Bb7 6.Be2 Nbd7 7.Bb2 c6 8.d4 Bd6 9.O-O
Qe7 10.Qc2 O-O 11.Rad1 Rfc8 12.e4 e5 13.dxe5 Bxe5 14.Nxe5 Nxe5 15.f4 Neg4
16.Bxg4 Nxg4 17.Qe2 Qh4 18.h3 Nf6 19.exd5 cxd5 20.Nxd5 Nxd5 21.cxd5 Re8 22.Qf2
Qxf2+ 23.Rxf2 Rad8 24.Rfd2 f6 25.Kf2 Rd7 26.Ba3 Kf7 27.Rd4 a5 28.R1d2 b5 29.Bc5
Rc8 30.Bb6 Ra8 31.d6 Ra6 32.Bc7 f5 33.Rc2 Be4 34.Rc5 a4 35.b4 Rc6 36.Rxe4 Rxc5
37.bxc5 fxe4 38.c6 Ke6 39.cxd7 Kxd7 40.Ke3 b4 41.Ba5 b3 42.axb3 axb3 43.Bc3 Kxd6
44.Kxe4 Kc5 45.Bxg7

[Event "2 Bundesliga Mitte 2006/2007"]
[Site "Wolfsberg"]
[Date "2006.11.26"]
[Round "4"]
[Board "2"]
[White "Knoll, Hermann"]
[Black "Vajda, Albert"]
[Result "1/2-1/2"]
[WhiteElo "2373"]
[BlackElo "2478"]
[PlyCount "120"]
[EventDate "2006.10.28"]
[EventType "team"]
[EventRounds "11"]
[EventCountry "AUT"]
[WhiteTeam "SC Ansfelden"]
[BlackTeam "ZH Technologies Wolfsberg"]

1.d4 Nf6 2.c4 c5 3.d5 e5 4.Nc3 d6 5.e4 Be7 6.Bd3 Nbd7 7.Nge2 h5 8.a3 h4 9.b4 Kf8
10.f3 b6 11.Be3 Ne8 12.Qd2 Kg8 13.O-O Rh5 14.Kh1 Bg5 15.f4 exf4 16.Nxf4 Rh8
17.h3 Ne5 18.Be2 Bh6 19.Rac1 Nf6 20.Rf2 Bd7 21.Rcf1 Be8 22.Qc1 cxb4 23.axb4 Rc8
24.c5 bxc5 25.bxc5 dxc5 26.Qa3 Ned7 27.Bd3 Nh5 28.Nce2 Ne5 29.Ba6 Ng3+ 30.Nxg3
hxg3 31.Rc2 Rc7 32.Bxc5 Qh4 33.d6 Rxc5 34.Qxc5 Bxf4 35.Qc8 Kh7 36.Qf5+ Ng6 37.d7
Bxd7 38.Qxd7 f6 39.e5 Bxe5 40.Bd3 Kh6 41.Rc4 Nf4 42.Qf5 Qg5 43.Rcxf4 Bxf4
44.Rxf4 Qxf5 45.Rxf5 Re8 46.Rf3 Re1+ 47.Bf1 Kh5 48.Kg1 Kh4 49.Rf4+ Kh5 50.Rg4
Re3 51.Rxg7 a5 52.Rg4 Ra3 53.Rf4 Kg5 54.Rf3 Rxf3 55.gxf3 f5 56.Kg2 f4 57.Bb5 Kh4
58.Bd7 Kg5 59.Kf1 Kh4 60.Kg2 Kg5

[Event "2 Bundesliga Mitte 2006/2007"]
[Site "Wolfsberg"]
[Date "2006.11.26"]
[Round "4"]
[Board "3"]
[White "Schachinger, Mario"]
[Black "Hellmayr, Alois"]
[Result "0-1"]
[WhiteElo "2277"]
[BlackElo "2315"]
[PlyCount "100"]
[EventDate "2006.10.28"]
[EventType "team"]
[EventRounds "11"]
[EventCountry "AUT"]
[WhiteTeam "ZH Technologies Wolfsberg"]
[BlackTeam "SC Ansfelden"]

1.e4 c5 2.Nf3 e6 3.d4 cxd4 4.Nxd4 a6 5.Bd3 Nf6 6.c4 Nc6 7.Nf3 d6 8.O-O Be7 9.Nc3
O-O 10.Qe2 Nd7 11.Be3 b6 12.Rac1 Bb7 13.Nd2 Bf6 14.f4 Re8 15.Nf3 g6 16.Rfd1 Bg7
17.Bb1 Bf8 18.Qf2 Rb8 19.e5 dxe5 20.fxe5 Qc7 21.Ne4 Bg7 22.Nf6+ Nxf6 23.Bxb6 Qe7
24.exf6 Qxf6 25.Be4 Ba8 26.b3 Qf4 27.Qe3 Qg4 28.Bc7 Rbc8 29.h3 Qh5 30.Rd7 Rxc7
31.Rxc7 Bh6 32.Qe1 Qc5+ 33.Kh1 Bxc1 34.Qxc1 Qd6 35.Rxc6 Bxc6 36.c5 Qc7 37.Bxc6
Qxc6 38.Ne5 Qc7 39.Ng4 Rd8 40.Qa1 h5 41.Nf6+ Kf8 42.Ne4 e5 43.Qc1 Rd4 44.Qh6+
Ke7 45.Qg5+ Kd7 46.Qe3 f5 47.Ng5 Qxc5 48.Kh2 e4 49.Nf7 Ke7 50.Nh6 Qc7+

[Event "2 Bundesliga Mitte 2006/2007"]
[Site "Wolfsberg"]
[Date "2006.11.26"]
[Round "4"]
[Board "4"]
[White "Rumpl, Erwin"]
[Black "Zechner, Gernot"]
[Result "1-0"]
[WhiteElo "2288"]
[BlackElo "2245"]
[PlyCount "80"]
[EventDate "2006.10.28"]
[EventType "team"]
[EventRounds "11"]
[EventCountry "AUT"]
[WhiteTeam "SC Ansfelden"]
[BlackTeam "ZH Technologies Wolfsberg"]

1.Nf3 d5 2.g3 Nf6 3.Bg2 c6 4.O-O Bf5 5.d3 Nbd7 6.Nbd2 e5 7.Qe1 Bd6 8.e4 Bg4 9.h3
Bh5 10.Nh4 O-O 11.Nf5 Bc5 12.Kh1 Re8 13.f4 exf4 14.gxf4 dxe4 15.dxe4 Bg6 16.Ng3
h5 17.f5 Bh7 18.Qd1 Ng4 19.Nxh5 Ne3 20.Qf3 Qh4 21.b4 Nxf1 22.Nxf1 Bd4 23.Rb1 Ne5
24.Qe2 Rad8 25.Bd2 b5 26.Be1 Qe7 27.c3 Bb6 28.Ne3 Qg5 29.Ng4 Nc4 30.h4 Qe7
31.Nxg7 Rf8 32.f6 Qc7 33.Nh6+ Kh8 34.Qh5 Ne3 35.Ngf5 Nxg2 36.Qg5 Bg6 37.Bg3 Qd7
38.Bd6 Rfe8 39.Ng4 Rg8 40.Qh6+ Bh7

[Event "2 Bundesliga Mitte 2006/2007"]
[Site "Wolfsberg"]
[Date "2006.11.26"]
[Round "4"]
[Board "5"]
[White "Waldmann, Gerald"]
[Black "Mittermayr, Gerhard"]
[Result "1-0"]
[WhiteElo "2153"]
[BlackElo "2178"]
[PlyCount "75"]
[EventDate "2006.10.28"]
[EventType "team"]
[EventRounds "11"]
[EventCountry "AUT"]
[WhiteTeam "ZH Technologies Wolfsberg"]
[BlackTeam "SC Ansfelden"]

1.e4 e6 2.d4 d5 3.Nd2 Nf6 4.e5 Nfd7 5.Bd3 c5 6.c3 Nc6 7.Ngf3 cxd4 8.cxd4 Qb6
9.O-O Nxd4 10.Nxd4 Qxd4 11.Nf3 Qb6 12.Qa4 Qb4 13.Qc2 Nc5 14.Bd2 Qb6 15.Bxh7 Bd7
16.b4 Ba4 17.Qb1 Na6 18.Bc2 Bxc2 19.Qxc2 Bxb4 20.Rab1 Qa5 21.Bxb4 Nxb4 22.Qb3
Na6 23.Qxb7 O-O 24.Ng5 Rab8 25.Qxa7 Rxb1 26.Rxb1 Qxa2 27.Rf1 Nb4 28.Qe3 Qc4
29.Rc1 Qd3 30.Qf4 Na2 31.Re1 Nc3 32.Qh4 Qg6 33.h3 Qh6 34.Qg4 Rc8 35.Ra1 Nb5
36.h4 Qg6 37.Qb4 Nc3 38.Qxc3

[Event "2 Bundesliga Mitte 2006/2007"]
[Site "Ansfelden"]
[Date "2007.01.26"]
[Round "5"]
[Board "1"]
[White "Horvath, Tamas"]
[Black "Mohr, Georg"]
[Result "1/2-1/2"]
[WhiteElo "2427"]
[BlackElo "2478"]
[PlyCount "22"]
[EventDate "2006.10.28"]
[EventType "team"]
[EventRounds "11"]
[EventCountry "AUT"]
[WhiteTeam "SC Gleisdorf"]
[BlackTeam "Strassenbahn Graz"]

1.e4 e6 2.d4 d5 3.Nd2 dxe4 4.Nxe4 Bd7 5.Bd3 Bc6 6.Nf3 Nd7 7.O-O Bxe4 8.Bxe4 c6
9.Qe2 Ngf6 10.Bg5 Be7 11.Bxf6 Nxf6

[Event "2 Bundesliga Mitte 2006/2007"]
[Site "Ansfelden"]
[Date "2007.01.26"]
[Round "5"]
[Board "2"]
[White "Horvath, Gyula"]
[Black "Meszaros, Tamas"]
[Result "1/2-1/2"]
[WhiteElo "2431"]
[BlackElo "2352"]
[PlyCount "26"]
[EventDate "2006.10.28"]
[EventType "team"]
[EventRounds "11"]
[EventCountry "AUT"]
[WhiteTeam "Strassenbahn Graz"]
[BlackTeam "SC Gleisdorf"]

1.d4 Nf6 2.c4 e6 3.Nc3 Bb4 4.a3 Bxc3+ 5.bxc3 c5 6.e4 Qa5 7.e5 Ne4 8.Bd2 cxd4
9.cxd4 Qxd2+ 10.Qxd2 Nxd2 11.Kxd2 Nc6 12.Nf3 Na5 13.Ke3 b6

[Event "2 Bundesliga Mitte 2006/2007"]
[Site "Ansfelden"]
[Date "2007.01.26"]
[Round "5"]
[Board "3"]
[White "Sandhu, Mario"]
[Black "Butunoi, Alexandru"]
[Result "1/2-1/2"]
[WhiteElo "2288"]
[BlackElo "2404"]
[PlyCount "146"]
[EventDate "2006.10.28"]
[EventType "team"]
[EventRounds "11"]
[EventCountry "AUT"]
[WhiteTeam "SC Gleisdorf"]
[BlackTeam "Strassenbahn Graz"]

1.e4 c5 2.Nf3 e6 3.c4 Nc6 4.Nc3 Qb6 5.b3 d6 6.g3 Nf6 7.Bg2 Bd7 8.O-O Be7 9.h3
Nd4 10.Nxd4 cxd4 11.Ne2 Bc6 12.d3 e5 13.a3 Qc7 14.f4 a5 15.g4 Nd7 16.Ng3 g6
17.Rb1 b5 18.f5 Bh4 19.Qf3 Nc5 20.Bd2 a4 21.b4 Nb3 22.Bh6 Qb7 23.Ne2 g5 24.Rb2
f6 25.Nc1 Qf7 26.Nxb3 axb3 27.Rxb3 bxc4 28.dxc4 Qxc4 29.Rbb1 d3 30.b5 Bb7 31.Qe3
Qc5 32.Qxc5 dxc5 33.Bg7 Rg8 34.Bxf6 Rxa3 35.Bxe5 Kf7 36.Rbc1 Rc8 37.Bd6 d2
38.Rcd1 Rd3 39.e5 Bxg2 40.Kxg2 Be1 41.Rfxe1 dxe1=Q 42.Rxe1 c4 43.b6 Rb3 44.e6+
Kg8 45.Bc7 Kg7 46.Rc1 Ra8 47.Rc2 Kf6 48.Re2 Ke7 49.Rc2 c3 50.Kf3 Ra2 51.Rc1 Rd2
52.Ke3 Rd5 53.Ke4 Rd2 54.Ke3 Rd5 55.b7 Rxb7 56.Rxc3 Rd1 57.Bg3 Rdb1 58.h4 R7b3
59.Rxb3 Rxb3+ 60.Kf2 Rb2+ 61.Kf3 Rb3+ 62.Kg2 Rb2+ 63.Kh3 h6 64.hxg5 hxg5 65.Be5
Re2 66.Bd4 Re4 67.Bc5+ Kf6 68.Bb6 Ke7 69.Kg3 Rc4 70.Be3 Kf6 71.Kf3 Ra4 72.Bd2
Ra3+ 73.Be3 Ra4

[Event "2 Bundesliga Mitte 2006/2007"]
[Site "Ansfelden"]
[Date "2007.01.26"]
[Round "5"]
[Board "4"]
[White "Krebs, Johann"]
[Black "Frosch, Ronald"]
[Result "1-0"]
[WhiteElo "2276"]
[BlackElo "2264"]
[PlyCount "51"]
[EventDate "2006.10.28"]
[EventType "team"]
[EventRounds "11"]
[EventCountry "AUT"]
[WhiteTeam "Strassenbahn Graz"]
[BlackTeam "SC Gleisdorf"]

1.d4 d6 2.c4 c6 3.Nc3 Nf6 4.e4 Qc7 5.Be2 e5 6.f4 Nbd7 7.Nf3 Be7 8.O-O O-O 9.Kh1
Re8 10.Qc2 Bf8 11.fxe5 dxe5 12.d5 a5 13.Nh4 h6 14.Be3 Nh7 15.Rxf7 Nhf6 16.c5
cxd5 17.exd5 e4 18.d6 Qd8 19.Bc4 Ne5 20.Rd7+ Nxc4 21.Rxd8 Rxd8 22.Nxe4 Be6
23.Nxf6+ gxf6 24.Qg6+ Bg7 25.Bxh6 Rd7 26.Re1

[Event "2 Bundesliga Mitte 2006/2007"]
[Site "Ansfelden"]
[Date "2007.01.26"]
[Round "5"]
[Board "5"]
[White "Wanderer, Thomas"]
[Black "Pesorda, Ivan"]
[Result "1/2-1/2"]
[WhiteElo "2206"]
[BlackElo "2250"]
[PlyCount "35"]
[EventDate "2006.10.28"]
[EventType "team"]
[EventRounds "11"]
[EventCountry "AUT"]
[WhiteTeam "SC Gleisdorf"]
[BlackTeam "Strassenbahn Graz"]

1.e4 c5 2.Nc3 e6 3.g3 d5 4.exd5 exd5 5.d4 cxd4 6.Qxd4 Nf6 7.Bg5 Be7 8.Bb5+ Nc6
9.Bxf6 Bxf6 10.Qc5 Bxc3+ 11.bxc3 Qe7+ 12.Qxe7+ Kxe7 13.O-O-O Be6 14.Ne2 Rhd8
15.Rhe1 Kf6 16.Nd4 Rac8 17.Kb2 Rd6 18.Ba4

[Event "2 Bundesliga Mitte 2006/2007"]
[Site "Ansfelden"]
[Date "2007.01.26"]
[Round "5"]
[Board "6"]
[White "Steiner, Stefan"]
[Black "Perhinig, Robert"]
[Result "0-1"]
[WhiteElo "2229"]
[BlackElo "2213"]
[PlyCount "176"]
[EventDate "2006.10.28"]
[EventType "team"]
[EventRounds "11"]
[EventCountry "AUT"]
[WhiteTeam "Strassenbahn Graz"]
[BlackTeam "SC Gleisdorf"]

1.e4 e6 2.Nf3 d5 3.e5 c5 4.b4 b6 5.a3 d4 6.c3 d3 7.Qa4+ Qd7 8.Qxd7+ Nxd7 9.Bxd3
Bb7 10.Be2 Ne7 11.d4 cxd4 12.cxd4 Nd5 13.Be3 Be7 14.Kd2 O-O 15.Rc1 f6 16.exf6
N7xf6 17.Nc3 Rad8 18.Nxd5 Nxd5 19.Ke1 Bd6 20.Bg5 Ra8 21.h3 h6 22.Bd2 Nf4 23.Bxf4
Rxf4 24.Rc3 Re8 25.g3 Rf5 26.Nh4 Rf6 27.Bf3 g5 28.Bxb7 gxh4 29.Ra2 hxg3 30.fxg3
Ref8 31.Re2 Rf1+ 32.Kd2 R1f2 33.Rce3 Rxe2+ 34.Kxe2 Kf7 35.Ba6 Kf6 36.Bc4 Re8
37.Rf3+ Ke7 38.Re3 Kf6 39.b5 Re7 40.a4 e5 41.Rf3+ Kg7 42.d5 e4 43.Rf1 Rc7 44.Rc1
Kf6 45.g4 Ke5 46.Rc2 Rf7 47.h4 Rf4 48.g5 Rxh4 49.gxh6 Rxh6 50.Kd1 Rh1+ 51.Kd2
Kd4 52.Bb3 Bf4+ 53.Ke2 Rh2+ 54.Ke1 Rh3 55.Rc4+ Kd3 56.Rc6 Be5 57.d6 Ke3 58.Kf1
Rh1+ 59.Kg2 Rh2+ 60.Kf1 Rd2 61.Bc2 Bxd6 62.Rc4 Rf2+ 63.Ke1 Rf4 64.Rc3+ Kd4
65.Rc8 Rh4 66.Rd8 Ke3 67.Kf1 Rh1+ 68.Kg2 Rh2+ 69.Kf1 Rxc2 70.Rxd6 Ra2 71.Rc6
Rxa4 72.Rc3+ Kf4 73.Rc7 Kf3 74.Rf7+ Ke3 75.Rd7 Rb4 76.Rxa7 Rxb5 77.Ra3+ Kf4
78.Ke2 Rb2+ 79.Kd1 b5 80.Kc1 b4 81.Ra8 Rb3 82.Kd2 Rd3+ 83.Ke2 b3 84.Rb8 Rh3
85.Kf1 Rh1+ 86.Ke2 b2 87.Rf8+ Ke5 88.Re8+ Kf6

[Event "2 Bundesliga Mitte 2006/2007"]
[Site "Ansfelden"]
[Date "2007.01.26"]
[Round "5"]
[Board "1"]
[White "Shengelia, Davit"]
[Black "Horvath, Adam"]
[Result "1-0"]
[WhiteElo "2490"]
[BlackElo "2495"]
[PlyCount "65"]
[EventDate "2006.10.28"]
[EventType "team"]
[EventRounds "11"]
[EventCountry "AUT"]
[WhiteTeam "Union Styria Kleine Zeitung Graz 2"]
[BlackTeam "Austria Graz"]

1.d4 Nf6 2.c4 e6 3.Nf3 Bb4+ 4.Nbd2 b6 5.e3 Bb7 6.Bd3 Ne4 7.O-O f5 8.Qc2 Nxd2
9.Nxd2 Qh4 10.e4 Bxd2 11.g3 Qh5 12.Bxd2 Nc6 13.Bc3 f4 14.f3 Qg5 15.Qd2 e5 16.d5
Ne7 17.b4 h5 18.c5 d6 19.Bb5+ Kf7 20.Kh1 Ng6 21.Rg1 Qf6 22.Qg2 Bc8 23.Bd2 bxc5
24.bxc5 a6 25.Bd3 Rb8 26.cxd6 Rb2 27.Rac1 Bd7 28.Rxc7 Rd8 29.Rc2 Rxc2 30.Bxc2
fxg3 31.Qxg3 Qxd6 32.Bb3 Bb5 33.Bb4

[Event "2 Bundesliga Mitte 2006/2007"]
[Site "Ansfelden"]
[Date "2007.01.26"]
[Round "5"]
[Board "3"]
[White "Nanu, Ciprian Costica"]
[Black "Fahrner, Kurt"]
[Result "1/2-1/2"]
[WhiteElo "2457"]
[BlackElo "2346"]
[PlyCount "80"]
[EventDate "2006.10.28"]
[EventType "team"]
[EventRounds "11"]
[EventCountry "AUT"]
[WhiteTeam "Union Styria Kleine Zeitung Graz 2"]
[BlackTeam "Austria Graz"]

1.Nf3 d5 2.b3 Bf5 3.Bb2 e6 4.e3 Nd7 5.Be2 c6 6.O-O h6 7.d3 Ngf6 8.Nbd2 Bc5 9.c4
O-O 10.cxd5 cxd5 11.Rc1 Qe7 12.Rc2 Rfc8 13.Qa1 Ba3 14.Rfc1 Nb6 15.Nd4 Bg4
16.Bxg4 Nxg4 17.N2f3 Rxc2 18.Rxc2 Rc8 19.Rxc8+ Nxc8 20.h3 Bxb2 21.Qxb2 Nf6
22.Qc3 Nd6 23.Qc5 a6 24.b4 Nfe8 25.Nb3 Qd7 26.Qa5 Qb5 27.Qxb5 Nxb5 28.Kf1 Nec7
29.Ke1 Nc3 30.Nc1 Kf8 31.Kd2 N3b5 32.Nb3 Ke7 33.Nc5 Nd6 34.Kc3 b6 35.Na4 Nc8
36.Nd4 e5 37.Ne2 Nb5+ 38.Kb3 Kd6 39.Nac3 Nxc3 40.Kxc3 f6

[Event "2 Bundesliga Mitte 2006/2007"]
[Site "Ansfelden"]
[Date "2007.01.26"]
[Round "5"]
[Board "4"]
[White "Aschenbrenner, Robert"]
[Black "Wittmann, Walter"]
[Result "1/2-1/2"]
[WhiteElo "2280"]
[BlackElo "2361"]
[PlyCount "44"]
[EventDate "2006.10.28"]
[EventType "team"]
[EventRounds "11"]
[EventCountry "AUT"]
[WhiteTeam "Austria Graz"]
[BlackTeam "Union Styria Kleine Zeitung Graz 2"]

1.d4 d5 2.c4 e6 3.Nc3 Nf6 4.cxd5 Nxd5 5.e4 Nxc3 6.bxc3 c5 7.Nf3 cxd4 8.cxd4 Bb4+
9.Bd2 Bxd2+ 10.Qxd2 O-O 11.Be2 b6 12.O-O Bb7 13.Qe3 Nc6 14.Rac1 Rc8 15.Rfd1 Re8
16.Bb5 a6 17.Bf1 b5 18.a3 h6 19.Rc2 Ne7 20.Rxc8 Qxc8 21.Rc1 Qa8 22.Nd2 Rc8

[Event "2 Bundesliga Mitte 2006/2007"]
[Site "Ansfelden"]
[Date "2007.01.26"]
[Round "5"]
[Board "5"]
[White "Hatzl, Stefan"]
[Black "Kastner, Walter"]
[Result "1/2-1/2"]
[WhiteElo "2159"]
[BlackElo "2239"]
[PlyCount "33"]
[EventDate "2006.10.28"]
[EventType "team"]
[EventRounds "11"]
[EventCountry "AUT"]
[WhiteTeam "Union Styria Kleine Zeitung Graz 2"]
[BlackTeam "Austria Graz"]

1.e4 e5 2.Nf3 Nc6 3.d4 exd4 4.Nxd4 Bc5 5.Be3 Qf6 6.Nb5 Bxe3 7.fxe3 Qd8 8.Qg4 Kf8
9.Qg3 d6 10.N1c3 Be6 11.O-O-O Nf6 12.Bd3 Ne5 13.Nd4 Qe7 14.Rhf1 Kg8 15.Nf5 Bxf5
16.Rxf5 c6 17.Ne2

[Event "2 Bundesliga Mitte 2006/2007"]
[Site "Ansfelden"]
[Date "2007.01.26"]
[Round "5"]
[Board "6"]
[White "Schrittwieser, Herbert"]
[Black "Frank, Paul"]
[Result "1/2-1/2"]
[WhiteElo "2214"]
[BlackElo "2151"]
[PlyCount "25"]
[EventDate "2006.10.28"]
[EventType "team"]
[EventRounds "11"]
[EventCountry "AUT"]
[WhiteTeam "Austria Graz"]
[BlackTeam "Union Styria Kleine Zeitung Graz 2"]

1.Nf3 Nf6 2.c4 g6 3.Nc3 d5 4.Qa4+ Bd7 5.Qb3 dxc4 6.Qxc4 Bg7 7.e4 O-O 8.d4 c6
9.Be2 a5 10.O-O Na6 11.Be3 Qc7 12.Rac1 Rac8 13.h3

[Event "2 Bundesliga Mitte 2006/2007"]
[Site "St Veit"]
[Date "2007.01.26"]
[Round "5"]
[Board "1"]
[White "Neubauer, Martin"]
[Black "Pinter, Jozsef"]
[Result "1-0"]
[WhiteElo "2480"]
[BlackElo "2532"]
[PlyCount "91"]
[EventDate "2006.10.28"]
[EventType "team"]
[EventRounds "11"]
[EventCountry "AUT"]
[WhiteTeam "ASVOe Raika StVeit/Glan"]
[BlackTeam "Fuerstenfeld"]

1.e4 e5 2.Nf3 Nc6 3.Bc4 Bc5 4.c3 d6 5.d4 exd4 6.cxd4 Bb6 7.Nc3 Nf6 8.Bb3 Bg4
9.Be3 O-O 10.Qd3 Nb4 11.Qc4 Ba5 12.O-O c6 13.Qe2 h6 14.a3 Na6 15.Qd3 Bh5 16.e5
dxe5 17.Nxe5 Bc7 18.Qf5 Qc8 19.Qxc8 Raxc8 20.h3 Nc5 21.Bc2 Nd5 22.Nxc6 bxc6
23.Nxd5 cxd5 24.dxc5 Be5 25.g4 Bg6 26.Bxg6 fxg6 27.Rad1 d4 28.Bxd4 Bxd4 29.Rxd4
Rxc5 30.Rfd1 a5 31.Kg2 g5 32.b4 Rc3 33.R1d3 Rc2 34.Rd2 Rc3 35.R4d3 Rc4 36.Rd4
Rc3 37.R4d3 Rc4 38.b5 Rf6 39.Rd4 Rc5 40.a4 Rc1 41.Rd8+ Kh7 42.Ra8 Ra1 43.Rxa5
Rf4 44.Rb2 Rfxa4 45.Rxa4 Rxa4 46.b6

[Event "2 Bundesliga Mitte 2006/2007"]
[Site "St Veit"]
[Date "2007.01.26"]
[Round "5"]
[Board "2"]
[White "Wach, Markus"]
[Black "Rogic, Davor"]
[Result "1/2-1/2"]
[WhiteElo "2385"]
[BlackElo "2494"]
[PlyCount "113"]
[EventDate "2006.10.28"]
[EventType "team"]
[EventRounds "11"]
[EventCountry "AUT"]
[WhiteTeam "Fuerstenfeld"]
[BlackTeam "ASVOe Raika StVeit/Glan"]

1.e4 e5 2.Nf3 Nc6 3.Bb5 a6 4.Bxc6 dxc6 5.O-O f6 6.d4 Bg4 7.c3 Bd6 8.Be3 Ne7
9.Nbd2 Ng6 10.Qb3 Qc8 11.Rfe1 Be6 12.c4 O-O 13.Rad1 Re8 14.dxe5 Nxe5 15.Nxe5
Bxe5 16.f4 Bd6 17.Qc3 Bg4 18.Rc1 c5 19.Qd3 b6 20.Nb1 Qe6 21.Nc3 c6 22.Qf1 Rad8
23.h3 Bh5 24.e5 Bc7 25.g4 Bf7 26.b3 f5 27.g5 Bh5 28.Ne2 Re7 29.Ng3 Bf7 30.Rcd1
Red7 31.h4 a5 32.h5 g6 33.h6 Be8 34.Nh1 Kf7 35.Rxd7+ Rxd7 36.Rd1 Rxd1 37.Qxd1
Qd7 38.Qc2 Ke7 39.Nf2 Kd8 40.Kf1 Kc8 41.Ke2 Bf7 42.Qc3 Be6 43.Nd3 Bd8 44.Nb2 Be7
45.Na4 Qa7 46.Qd3 Qa6 47.Nc3 Qb7 48.Nb1 Qa6 49.Nc3 Qb7 50.Kd2 Qa6 51.Kc2 Qb7
52.Kb2 Qa6 53.Nb1 Qb7 54.Nd2 Bf8 55.Nf3 Qc7 56.Nh4 Qb7 57.Nf3

[Event "2 Bundesliga Mitte 2006/2007"]
[Site "St Veit"]
[Date "2007.01.26"]
[Round "5"]
[Board "3"]
[White "Jurkovic, Hryoje"]
[Black "Kuba, Guenter"]
[Result "1/2-1/2"]
[WhiteElo "2438"]
[BlackElo "2391"]
[PlyCount "130"]
[EventDate "2006.10.28"]
[EventType "team"]
[EventRounds "11"]
[EventCountry "AUT"]
[WhiteTeam "ASVOe Raika StVeit/Glan"]
[BlackTeam "Fuerstenfeld"]

1.e4 e5 2.Nf3 Nc6 3.Bc4 Bc5 4.c3 Nf6 5.d4 exd4 6.cxd4 Bb4+ 7.Bd2 Bxd2+ 8.Nbxd2
d5 9.exd5 Nxd5 10.Qb3 Na5 11.Qb5+ Nc6 12.Qb3 Na5 13.Qa4+ Nc6 14.Bb5 Qe7+ 15.Ne5
Bd7 16.O-O Nb6 17.Nxc6 bxc6 18.Qc2 cxb5 19.Rae1 Be6 20.d5 O-O 21.dxe6 fxe6
22.Qb3 Rad8 23.Rxe6 Qf7 24.Nf3 Nc4 25.Re2 a6 26.Qc2 Qh5 27.b3 Rxf3 28.bxc4 Rc3
29.Qxc3 Qxe2 30.cxb5 axb5 31.h3 Qxa2 32.Qxc7 Rf8 33.Qb6 Qb2 34.Re1 h6 35.Qe6+
Kh8 36.Re2 Qc1+ 37.Re1 Qc5 38.Qe3 Qf5 39.Re2 Qb1+ 40.Re1 Qf5 41.Qd4 Qc2 42.g3
Qf5 43.Re7 Qf6 44.Qxf6 Rxf6 45.Rb7 Rf5 46.g4 Rf3 47.Kg2 Rb3 48.h4 g6 49.f3 Rb2+
50.Kg3 Rb4 51.h5 g5 52.Kf2 Rb3 53.Ke2 Kg8 54.Rb6 Kg7 55.Rg6+ Kh7 56.Rd6 Kg7
57.Rd5 Kh7 58.Rf5 Kg7 59.Kd2 Kg8 60.Kc2 Re3 61.Kd2 Rb3 62.Ke2 Kg7 63.Rc5 Kh7
64.Rc8 Kg7 65.Rd8 Kh7

[Event "2 Bundesliga Mitte 2006/2007"]
[Site "St Veit"]
[Date "2007.01.26"]
[Round "5"]
[Board "5"]
[White "Ceschia, Ivano"]
[Black "Postl, Anton"]
[Result "1/2-1/2"]
[WhiteElo "2286"]
[BlackElo "2292"]
[PlyCount "113"]
[EventDate "2006.10.28"]
[EventType "team"]
[EventRounds "11"]
[EventCountry "AUT"]
[WhiteTeam "ASVOe Raika StVeit/Glan"]
[BlackTeam "Fuerstenfeld"]

1.e4 c5 2.Nf3 d6 3.d4 cxd4 4.Nxd4 Nf6 5.Nc3 a6 6.Be2 e5 7.Nb3 Be7 8.O-O O-O
9.Be3 Be6 10.f4 exf4 11.Rxf4 Nc6 12.Nd4 Nxd4 13.Qxd4 Rc8 14.Raf1 Nd7 15.R4f2 Ne5
16.Nd5 Rxc2 17.Bd2 Bxd5 18.Qxd5 Qb6 19.Be3 Bg5 20.Bd4 Qc6 21.Qb3 Qxe4 22.Bxe5
Rxe2 23.Rxe2 Qxe2 24.Bd4 Qe4 25.Qc3 Bh6 26.Re1 Qd5 27.a3 Bf4 28.g3 Bg5 29.Re2
Bd8 30.h4 f6 31.Qe3 f5 32.Qe6+ Qxe6 33.Rxe6 f4 34.Rxd6 fxg3 35.Rd7 Bf6 36.Bxf6
Rxf6 37.Rxb7 Rf2 38.Rb6 a5 39.Rb5 a4 40.Rb4 Kf7 41.Rxa4 Rxb2 42.Rf4+ Kg8 43.Rf3
Rh2 44.Rf4 h5 45.a4 Ra2 46.Rf5 g6 47.Rg5 Kg7 48.a5 Ra4 49.Rxg3 Rxa5 50.Kh2 Ra4
51.Kh3 Kf6 52.Rf3+ Ke5 53.Rg3 Ra6 54.Rb3 Rd6 55.Kg3 Rd4 56.Rb5+ Ke4 57.Rb3

[Event "2 Bundesliga Mitte 2006/2007"]
[Site "St Veit"]
[Date "2007.01.26"]
[Round "5"]
[Board "6"]
[White "Poetz, Florian"]
[Black "Kuess, Mario"]
[Result "0-1"]
[WhiteElo "2079"]
[BlackElo "2138"]
[PlyCount "88"]
[EventDate "2006.10.28"]
[EventType "team"]
[EventRounds "11"]
[EventCountry "AUT"]
[WhiteTeam "Fuerstenfeld"]
[BlackTeam "ASVOe Raika StVeit/Glan"]

1.e4 d5 2.exd5 Nf6 3.Nf3 Nxd5 4.d4 g6 5.c4 Nb6 6.Nc3 Bg7 7.c5 Nd5 8.Bc4 c6 9.Qb3
O-O 10.O-O Nxc3 11.bxc3 b5 12.cxb6 axb6 13.Ng5 e6 14.Ne4 Ba6 15.Bxa6 Rxa6 16.Bg5
Qc7 17.Rfd1 h6 18.Bf6 Qf4 19.Bxg7 Kxg7 20.Nd2 Nd7 21.Nc4 b5 22.Nb2 Rfa8 23.c4
Ra3 24.Qb4 Nf6 25.f3 Qe3+ 26.Kh1 Rxa2 27.Rab1 bxc4 28.Qxc4 Nd5 29.h3 Qf2 30.Qb3
Nf4 31.Rg1 Ne2 32.Rgd1 Nf4 33.Rg1 Qg3 34.Qc2 Rb8 35.d5 Nxh3 36.Rgf1 Nf4 37.dxc6
Rc8 38.Rfc1 Rxc6 39.Qd2 Qh4+ 40.Kg1 Rxc1+ 41.Rxc1 Qg3 42.Qd4+ Kh7 43.Qd2 h5
44.Rc2 Ra1+